The story of Preah Reach Komar Kemheng (KHMER) / (Record no. 50291)
| 000 -LEADER | |
|---|---|
| fixed length control field | 00337nam a2200121 4500 |
| 020 ## - INTERNATIONAL STANDARD BOOK NUMBER | |
| International Standard Book Number | 9789924342373 |
| 100 ## - MAIN ENTRY--PERSONAL NAME | |
| Personal name | Nut, Jetharom |
| 9 (RLIN) | 87302 |
| 245 ## - TITLE STATEMENT | |
| Title | The story of Preah Reach Komar Kemheng (KHMER) / |
| Statement of responsibility, etc | Jetharom Nut |
| 260 ## - PUBLICATION, DISTRIBUTION, ETC. (IMPRINT) | |
| Place of publication, distribution, etc | Cambodia |
| Name of publisher, distributor, etc | Sipar |
| Date of publication, distribution, etc | 2025 |
| 300 ## - PHYSICAL DESCRIPTION | |
| Extent | 32 p. |
| Other physical details | col. ill. |
| Dimensions | 24 cm. |
| 490 ## - SERIES STATEMENT | |
| Series statement | I want to read |
| 942 ## - ADDED ENTRY ELEMENTS (KOHA) | |
| Source of classification or shelving scheme | |
| Koha item type | Book |
| Withdrawn status | Lost status | Source of classification or shelving scheme | Damaged status | Not for loan | Collection code | Home library | Current library | Shelving location | Date acquired | Total Checkouts | Full call number | Barcode | Date last seen | Price effective from | Koha item type |
|---|---|---|---|---|---|---|---|---|---|---|---|---|---|---|---|
| Siem Riep | Asian Hope Early Years Library | Asian Hope Early Years Library | Junior Fiction | 03/24/2026 | KHMER J FIC NUT | 209888 | 03/24/2026 | 03/24/2026 | Book |